000 00597nam a22001937a 4500
003 NUST
005 20230126101323.0
008 190708b ||||| |||| 00| 0 eng d
038 _aMr. Zahoor
082 _a530
100 _aYounas,Daniyal
_916997
245 _aFabrication, Characterization and Properties of Go, rGo, PANI and GO/PANI Nanocomposites
_cDaniyal Younas
260 _aIslamabd:
_bSNS - NUST,
_c2016.
300 _axviii, 57 p.: ill . ;
_b30cm.
500 _aHard Cover
650 _aPhisics - M. Phil Thesis
_916998
700 _aDr. Qurat ul Ain
_916999
942 _2ddc
_cTHE
999 _c526038
_d526038